000
00240nam a2200097Ia 4500
001
1207721
005
20250827022832.0
008
250824s9999 xx 000 0 und d
245
0
_a
SAFAHAT
_c
MEHMET AKİF ERSOY
260
_b
AKÇAĞ YAYINLARI
999
_c
1207721
_d
1207721